书目信息 |
| 题名: |
唐山,共和国的骄傲
|
|
| 作者: | 庄连顺 主编 | |
| 分册: | ||
| 出版信息: | 北京 光明日报出版社 1996 |
|
| 页数: | 552页 | |
| 开本: | 20cm | |
| 丛书名: | ||
| 单 册: | ||
| 中图分类: | D619.223 | |
| 科图分类: | ||
| 主题词: | 社会主义革命--成就--中国--唐山 , 社会主义建设--成就--中国--唐山 | |
| 电子资源: | ||
| ISBN: | 7-80091-911-0 | |
| 000 | 00702nam0 2200229 45 | |
| 001 | 0197001510 | |
| 005 | 20070706105056.10 | |
| 010 | @a7-80091-911-0@dCNY28.00 | |
| 100 | @a19970108d1996 em y0chiy0120 ea | |
| 101 | 0 | @achi |
| 102 | @aCN@b110000 | |
| 105 | @af z 010zy | |
| 200 | 10 | @a唐山,共和国的骄傲@Atang shan , gong he guo de jiao ao@f庄连顺等主编@FZhuang Lian Shun Deng Zhu Bian |
| 210 | @a北京@c光明日报出版社@d1996 | |
| 215 | @a552页@c彩照@d20cm | |
| 300 | @a纪念唐山抗震20周年 | |
| 606 | 0 | @a社会主义革命@x成就@x中国@y唐山 |
| 606 | 0 | @a社会主义建设@x成就@x中国@y唐山 |
| 690 | @aD619.223@v3 | |
| 701 | 0 | @a庄连顺@4主编 |
| 801 | 0 | @aCN@bNLC@c20070706 |
| 905 | @dD619.223@e59@f1@b272663 | |
| 唐山,共和国的骄傲/庄连顺等主编.-北京:光明日报出版社,1996 |
| 552页:彩照;20cm |
| 纪念唐山抗震20周年 |
| ISBN 7-80091-911-0:CNY28.00 |
| ● |
| 相关链接 |
|
|
|
|
正题名:唐山,共和国的骄傲
索取号:D619.223/59
 
预约/预借
| 序号 | 登录号 | 条形码 | 馆藏地/架位号 | 状态 | 备注 |
| 1 | 0272662 | 001652027 | 第一借阅区/ [索取号:D619.223/59] | 在馆 | |
| 2 | 0272663 | 002052094 | 第一样本阅览室/ [索取号:D619.223/59] | 在馆 | |
| 3 | 0766973 | 207669735 | 密集书库/ [索取号:D619.223/59] | 在馆 | |
| 4 | 1050587 | 210505871 | 王士立赠书/ [索取号:D619.223/59] | 在馆 |